Atlas of Green Energy Transitions Power, Conflict, and Possibilities

Saved in:
Bibliographic Details
Other Authors: Seibert, Matthew
Format: Book
Language:English
Published: New York Routledge 2026
Edition:1st Edition
Subjects:
Tags: Add Tag
No Tags, Be the first to tag this record!

MARC

LEADER 00000nam a2200000 4500
001 0315338
005 20260324142043.7
020 |a 9781040630716 
041 0 |a eng 
044 |a US 
245 1 0 |a Atlas of Green Energy Transitions  |b Power, Conflict, and Possibilities  |c Edited by Matthew Seibert 
250 |a 1st Edition 
264 1 |a New York  |b Routledge  |c 2026 
300 |a 389 s. 
500 |a ProQuest e-books. 
610 2 0 |a energia zelená 
610 2 0 |a reťazce dodávateľsko-odberateľské 
610 2 0 |a vzťahy medzinárodné 
610 2 0 |a globalizácia 
700 1 |a Seibert, Matthew